000 00830nam a22002177a 4500
999 _c10666
_d10666
003 AR-CdUCM
008 190401b ||||| |||| 00| 0 spa d
040 _aMUNICIPALIDAD PROVINCIAL DEL CUSCO
_cBIBLIOTECA MUNICIPAL DEL CUSCO
082 _a331.04 /
_bW44 / 1933
100 _aWells, H. G.
_918489
245 _aTrabajo, riqueza y bienestar del mundo /
260 _aSantiago :
_bExtra,
_c1933.
300 _a151 páginas ;
_c19 cm.
505 _aContenido: De como el hombre llego a ser un animal económico -- La aplicación de la ciencia -- El influjo de la maquina -- La conquista de las distancias -- El automóvil y el aeroplano ...
650 _aDesarrollo económico
_91696
650 _aTecnología
_91571
650 _aTrabajo
_94726
650 _aRiqueza y bienestar
_927639
942 _2ddc
_cLIBROS
945 _aacv